The papers of Harriet Beecher Stowe /

Bibliographic Details
Corporate Author: Stowe-Day Memorial Library
Other Authors: Stowe, Harriet Beecher, 1811-1896, Mair, Margaret Granville
Format: Book
Language:English
Published: Hartford : Stowe-Day Foundation, 1977.
Series:Bibliography of the manuscripts in the Stowe-Day Memorial Library.
Subjects:

MARC

Tag First Indicator Second Indicator Subfields
LEADER 00000cam a2200000 i 4500
001 in00000358113
005 20151011065639.0
008 770401s1977 ctu c 00010 eng
010 |a  76056582  
020 |a 0917482085 
035 |a (OCoLC)02967835 
035 |9 ABN6677AM 
040 |a DLC  |c DLC  |d TXA  |d UtOrBLW 
049 |a TXAM  |c [1535442] 
050 0 0 |a PS2956  |b .S84 1977 
082 0 |a 016.818/3/09 
110 2 |a Stowe-Day Memorial Library. 
245 1 4 |a The papers of Harriet Beecher Stowe /  |c Margaret Granville Mair, compiler ; Earl A. French, editor ; Diana Royce, librarian. 
264 1 |a Hartford :  |b Stowe-Day Foundation,  |c 1977. 
300 |a 74 pages ;  |c 28 cm. 
336 |a text  |b txt  |2 rdacontent 
337 |a unmediated  |b n  |2 rdamedia 
338 |a volume  |b nc  |2 rdacarrier 
490 1 |a A bibliography of the manuscripts in the Stowe-Day Memorial Library 
600 1 0 |a Stowe, Harriet Beecher,  |d 1811-1896  |x Manuscripts  |x Catalogs. 
610 2 0 |a Stowe-Day Memorial Library. 
700 1 |a Stowe, Harriet Beecher,  |d 1811-1896. 
700 1 |a Mair, Margaret Granville. 
830 0 |a Bibliography of the manuscripts in the Stowe-Day Memorial Library. 
999 |a MARS 
999 f f |s 14db62ec-4301-3728-9c28-9f9b668a7664  |i 0aa4c834-642c-3085-839f-2f8e4ca19cce  |t 0 
952 f f |p noncirc  |a Texas A&M University  |b College Station  |c Cushing Memorial Library & Archives  |d Cushing: Reference (Does not check out)  |t 0  |e PS2956 .S84 1977  |h Library of Congress classification  |i unmediated -- volume 
952 f f |p ric  |a Texas A&M University  |b Rellis Campus  |c Joint Library Facility  |d Remote Storage  |t 0  |e PS2956 .S84 1977  |h Library of Congress classification  |i unmediated -- volume  |m A14828316260 
998 f f |a PS2956 .S84 1977  |t 0  |l Remote Storage 
998 f f |a PS2956 .S84 1977  |t 0  |l Cushing: Reference (Does not check out)